| 000 | 00601nam a2200193 i 4500 | ||
|---|---|---|---|
| 001 | 89593 | ||
| 003 | ES-MaACL | ||
| 005 | 20230906180228.0 | ||
| 007 | t| | ||
| 008 | 050111s1907 it ||||1| ita d | ||
| 100 | 1 |
_aLassar-Cohn. _970463 |
|
| 245 | 1 | 3 |
_aLa chimica nella vita quotidiana / _cLassar-Cohn ; prima versione per Augusto Pugliese e Rudolph Neter. |
| 250 | _a2ยช ed. | ||
| 260 |
_aTorino, etc. : _bFratelli Bocca, _c1907 ( _fVincenzo Bona) |
||
| 300 |
_a299 p. : _bil. ; _c21 cm. |
||
| 700 | 1 |
_aPugliese, Augusto. _994215 |
|
| 700 | 1 |
_aNeter, Rudolph. _985418 |
|
| 852 |
_aES-MaACL _jF-5005 |
||
| 999 |
_c89593 _d89593 |
||